[Event "Druzynowe Mistrzostwa Polski Juniorow - Ekstraliga"]
[Site "Sypniewo k. Jastrowia"]
[Date "2024-06-17"]
[Round "4.18"]
[White "Polakiewicz, Blanka"]
[Black "Izafatava, Kira"]
[Result "1/2-1/2"]
[WhiteTitle "I+"]
[BlackTitle "I++"]
[WhiteElo "1632"]
[BlackElo "1761"]

1. e4 2. e6 3. d4 4. d5 5. Bd3 6. dxe4 7. Bxe4 8. c5 9. Be3 10. Nf6 11. Bf3 12.
cxd4 13. Bxd4 14. Nc6 15. Ne2 16. Nxd4 17. Qxd4 18. Qxd4 19. Nxd4 20. Be7 21.
Nd2 22. O-O 23. N2b3 24. e5 25. Nb5 26. Rd8 27. O-O 28. e4 29. Be2 30. Bf5 31.
N5d4 32. Bg6 33. c3 34. Nd5 35. g3 36. a6 37. Rad1 38. Rac8 39. Bg4 40. Rc7 41.
h4 42. h5 43. Bh3 44. e3 45. Rfe1 46. exf2+ 47. Kxf2 48. Nf6 49. Nf5 50. Bxf5
51. Bxf5 52. Rxd1 53. Rxd1 54. g6 55. Bh3 56. Kg7 57. Kf3 58. Ne8 59. Rd7 60.
Rxd7 61. Bxd7 62. Nd6 63. Nd2 64. f5 65. Be6 66. Kf6 67. Bb3 68. Bd8 69. Nc4 70.
Ne4 71. Bc2 72. b5 73. Ne3 74. Ke5 75. Bxe4 76. fxe4+ 77. Kf2 78. a5 79. b3 80.
Bb6 81. Ke2 82. Bc7 83. Kf2 84. Bd6 85. Ke2 86. Ke6 87. Kf2 88. Be5 89. c4 90.
b4 91. Nf1 92. Bd6 93. Ne3 94. Ke5 95. Nc2 96. Bb8 97. Ke2 98. Ba7 99. Ne3 100.
Kd4 101. Kd2 102. Bb8 103. Nf1 104. e3+ 105. Ke2 106. Kc3 107. Kxe3 108. Kb2 109.
Kd3 110. Kxa2 111. c5 112. Kxb3 113. Nd2+ 114. Ka3 115. Nc4+ 116. Ka2 117. Nxa5
118. b3 119. Nc4 120. b2 121. Nxb2 122. Kxb2 123. c6 124. Kc1 125. Ke4 126. Kd2
127. Kf3 128. Kd3 129. g4 1/2-1/2

[Event "Druzynowe Mistrzostwa Polski Juniorow - Ekstraliga"]
[Site "Sypniewo k. Jastrowia"]
[Date "2024-06-17"]
[Round "4.19"]
[White "Chyzy, Jakub"]
[Black "Zdybel, Przemyslaw"]
[Result "1-0"]
[WhiteTitle "FM"]
[BlackTitle "FM"]
[WhiteElo "2335"]
[BlackElo "2269"]

1. e4 2. e6 3. d4 4. d5 5. e5 6. c5 7. c3 8. Nc6 9. Nf3 10. Qb6 11. a3 12. Nh6
13. Bd3 14. cxd4 15. O-O 16. Bd7 17. b4 18. Nf5 19. Bxf5 20. exf5 21. cxd4 22.
Be7 23. Nc3 24. Be6 25. Qd3 26. a6 27. Be3 28. h6 29. Rab1 30. g5 31. b5 32. axb5
33. Rxb5 34. Qa6 35. Qb1 36. f4 37. Bd2 38. g4 39. Ne1 40. Nxd4 41. Rxb7 42. Bd8
43. Rb4 44. Nc6 45. Ra4 46. Qc8 47. Rxa8 48. Qxa8 49. Bxf4 50. Qxa3 51. Nb5 52.
Qb4 53. Nd6+ 54. Kf8 55. Qc1 56. Nd4 57. Bxh6+ 58. Kg8 59. Qe3 60. Nf5 61. Nxf5
62. Bxf5 63. Bg5 64. Bb6 65. Qg3 66. Rh5 67. Bf6 68. Qd4 69. Nf3 70. Qc3 71. Nh4
72. Qxg3 73. hxg3 Kf8 74. Rc1 75. Ke8 76. Rc6 77. Bd4 78. Rd6 Bd7 79. Rxd5 80.
Bb6 81. Kf1 82. Bc6 83. Rd6 84. Bb5+ 85. Kg1 86. Bc7 87. Rd5 Bc6 88. Rc5 89. Kd7
90. e6+ 1-0

[Event "Druzynowe Mistrzostwa Polski Juniorow - Ekstraliga"]
[Site "Sypniewo k. Jastrowia"]
[Date "2024-06-17"]
[Round "4.20"]
[White "Pancewicz, Szymon"]
[Black "Krawczyk, Flawian"]
[Result "1-0"]
[WhiteTitle "I++"]
[BlackTitle "CM"]
[WhiteElo "2077"]
[BlackElo "2311"]

1. e4 2. c5 3. Nf3 4. d6 5. Bc4 6. Nf6 7. d3 8. e6 9. Bb3 10. Be7 11. c3 12. O-O
13. O-O 14. Nc6 15. Re1 16. Rb8 17. d4 18. cxd4 19. cxd4 20. d5 21. exd5 22. Nxd5
23. Nc3 24. Nxc3 25. bxc3 26. Qc7 27. Qd3 28. b5 29. Ng5 30. g6 31. Re4 32. e5
33. Rh4 34. Bf5 35. Qg3 36. Rbc8 37. Rxh7 38. Nxd4 39. Qh4 40. Nxb3 41. Qh6 42.
Bf6 43. Rh8+ 1-0

[Event "Druzynowe Mistrzostwa Polski Juniorow - Ekstraliga"]
[Site "Sypniewo k. Jastrowia"]
[Date "2024-06-17"]
[Round "4.21"]
[White "Sowinski, Pawel"]
[Black "Suska, Szymon"]
[Result "1/2-1/2"]
[WhiteTitle "FM"]
[BlackTitle "I++"]
[WhiteElo "2428"]
[BlackElo "2011"]

1. e4 2. c5 3. Nf3 Nc6 4. d4 5. cxd4 6. Nxd4 7. g6 8. c4 9. Nf6 10. Nc3 11. d6
12. Be2 13. Nxd4 14. Qxd4 15. Bg7 16. O-O 17. O-O 18. Qd3 19. a6 20. Be3 21. Qa5
22. f3 23. Be6 24. Bd4 25. Rfc8 26. b3 27. Nd7 28. Bxg7 29. Kxg7 30. Rac1 31.
Rab8 32. f4 33. Qc5+ 34. Kh1 35. f6 36. Nd5 37. Bxd5 38. exd5 39. Re8 40. Rfe1
41. Qf2 42. Rf1 43. Qc5 44. Bf3 45. e5 46. dxe6 47. Rxe6 48. Rce1 49. Rbe8 50.
Rxe6 51. Rxe6 52. Bd5 53. Re7 54. f5 55. Ne5 56. Qe4 57. Nc6 58. Qf4 59. g5 60.
Qg3 61. Re3 62. Qg4 63. Ne5 64. Qh5 65. Qc8 66. h3 67. b6 68. Kh2 69. Qd7 70.
Kh1 71. Qc8 72. Be6 73. Qd8 74. b4 75. Qe7 76. Qd1 77. Rd3 78. Qa4 79. Qb7 80.
Qe8 81. Rxh3+ 82. Kg1 83. Rd3 84. Bd5 85. Qd7 86. Qg8+ 87. Kh6 88. Qf8+ 89. Qg7
90. Qxd6 91. g4 92. Re1 93. g3 94. Qe6 95. Kg5 96. c5 97. bxc5 98. bxc5 99. Qh6
100. Qg8+ 101. Kf4 102. Re4+ 103. Kxf5 104. Qe6+ 105. Kg6 106. Qe8+ 107. Kf5 108.
Qe6+ 109. Kg6 110. Qe8+ 111. Kf5 112. Qe6+ 1/2-1/2

[Event "Druzynowe Mistrzostwa Polski Juniorow - Ekstraliga"]
[Site "Sypniewo k. Jastrowia"]
[Date "2024-06-17"]
[Round "4.22"]
[White "Iwan, Patryk"]
[Black "Golis, Wiktor"]
[Result "0-1"]
[WhiteTitle "I"]
[BlackTitle "I++"]
[WhiteElo "1808"]
[BlackElo "2228"]

1. e4 2. c5 3. Nf3 4. e6 5. d4 6. cxd4 7. Nxd4 8. Nf6 9. Nc3 10. Nc6 11. a3 12.
Be7 13. Be3 14. O-O 15. Be2 16. a6 17. O-O 18. Qc7 19. f4 20. d6 21. Bf3 22. Bd7
23. Qd2 24. Rac8 25. Nxc6 26. Bxc6 27. Rfe1 28. b5 29. Bf2 30. Nd7 31. Ne2 32.
Bb7 33. c3 34. Rfd8 35. Rad1 36. Nb6 37. Bxb6 38. Qxb6+ 39. Qd4 40. Qc7 41. Kh1
42. Qb8 43. Qe3 44. Qa8 45. Nd4 46. Rc7 47. Rd2 48. Rcd7 49. Red1 50. Bf8 51.
e5 52. dxe5 53. fxe5 54. Bc5 55. Bxb7 56. Qxb7 57. Qf4 58. h6 59. h4 60. Qb6 61.
Nc2 62. Rxd2 63. Rxd2 64. Rxd2 65. Qxd2 66. Qc7 67. Qe2 68. Ba7 69. Ne1 70. Qc5
71. Nf3 72. Qd5 73. a4 74. Bb6 75. axb5 76. axb5 77. Qd2 78. Kf8 79. Qxd5 80.
exd5 81. Nd4 82. b4 83. g4 84. bxc3 85. bxc3 86. Bxd4 87. cxd4 88. g5 89. hxg5
90. hxg5 91. Kg2 92. Ke7 93. Kf2 94. Kd7 95. Ke3 96. Kc6 97. Kd3 98. Kb5 99. Kc3
100. Ka4 101. Kc2 102. Kb4 103. Kd3 104. Kb3 105. Ke3 106. Kc3 0-1

[Event "Druzynowe Mistrzostwa Polski Juniorow - Ekstraliga"]
[Site "Sypniewo k. Jastrowia"]
[Date "2024-06-17"]
[Round "4.23"]
[White "Natoli, Alessia"]
[Black "Matskevich, Varvara"]
[Result "0-1"]
[WhiteTitle "k"]
[BlackTitle "k"]
[WhiteElo "1923"]
[BlackElo "1949"]

1. e4 2. c5 3. Nf3 4. d6 5. c3 6. Nf6 7. Be2 8. Nc6 9. d4 10. e5 11. O-O 12. Bg4
13. d5 14. Ne7 15. Bg5 16. Ng6 17. h3 18. Bd7 19. Nbd2 20. Be7 21. Nh4 22. Nf4
23. Bxf4 24. exf4 25. Nhf3 26. O-O 27. Qb3 28. b5 29. c4 30. bxc4 31. Bxc4 32.
Ne8 33. e5 34. Bf5 35. Rfe1 36. Rb8 37. Qc3 38. g5 39. Rad1 40. Ng7 41. Ne4 42.
Bxe4 43. Rxe4 44. f5 45. Ree1 46. g4 47. Nd2 48. h5 49. Bb3 50. h4 51. Nc4 52.
Kh7 53. Nxd6 54. Bxd6 55. exd6 56. Qg5 57. Kh1 58. Rbd8 59. Qxc5 60. Rf6 61. d7
62. Rxd7 63. Re7 64. Rdd6 65. Rg1 66. Rg6 67. f3 68. Qxe7 69. fxg4 70. Qe3 71.
Qc7 72. Qb6 73. Qe7 74. Rgf6 75. gxf5 76. Qe3 77. Qc7 78. Qg3 79. Qxa7 80. f3
0-1

[Event "Druzynowe Mistrzostwa Polski Juniorow - Ekstraliga"]
[Site "Sypniewo k. Jastrowia"]
[Date "2024-06-17"]
[Round "4.24"]
[White "Malicka, Magdalena"]
[Black "Ejsymont, Blanka"]
[Result "0-1"]
[WhiteTitle "I++"]
[BlackTitle "WCM"]
[WhiteElo "1729"]
[BlackElo "1772"]

1. Nf3 2. d5 3. b3 4. Bg4 5. Ne5 6. Bh5 7. d4 8. e6 9. g4 10. f6 11. gxh5 12. fxe5
13. h4 14. exd4 15. Bg5 16. Bb4+ 17. Bd2 18. Qe7 19. a3 20. Bxd2+ 21. Nxd2 22.
e5 23. Nf3 24. c5 25. Bh3 26. Nc6 27. Ng5 28. h6 29. Ne6 30. Nd8 31. Nxd8 32.
Qxd8 33. Qd3 34. Qf6 35. Rg1 36. Kf8 37. Rg6 38. Qxh4 39. Qf5+ 40. Nf6 41. Qxe5
42. Re8 43. Qd6+ 44. Kg8 45. O-O-O 46. Rh7 47. Rdg1 48. Qxh3 49. Rxf6 50. Qxh5
51. Rfg6 52. Qe5 53. Qd7 54. Qf4+ 55. Kb2 56. Qf7 57. Qg4 58. Kh8 59. f4 60. c4
61. b4 62. c3+ 63. Ka2 64. a5 65. b5 66. a4 67. Rg2 68. Qc7 69. Rg1 70. Qc4+ 71.
Ka1 72. Qxb5 73. Rb1 74. Qc5 75. Ka2 76. Qc7 77. f5 78. Qc4+ 79. Ka1 80. Qc5 81.
Ka2 82. Qc4+ 83. Ka1 84. Qc8 85. Rg1 86. Qd7 87. Qxd4 88. Qe7 89. Qxc3 90. d4
91. Qxd4 92. Qxa3+ 93. Kb1 94. Qe3 95. Qxe3 96. Rxe3 97. f6 98. Kg8 99. Rf1 100.
Rc3 101. e4 102. Rc8 103. f7+ 104. Kf8 105. e5 106. Ke7 107. e6 108. Rhh8 109.
Kb2 110. h5 111. Re1 112. a3+ 113. Kxa3 114. Rxc2 115. Rxg7 116. Ra8+ 117. Kb3
118. Rca2 119. Rg8 120. R8a3+ 121. Kb4 122. Ra4+ 123. Kb5 124. Ra5+ 125. Kb6 126.
Ra8 127. Kb5 128. R8a5+ 129. Kb6 130. Ra8 131. Rxa8 132. Rxa8 133. Kxb7 134. Rh8
135. Kc7 136. h4 137. Rg1 138. Kxe6 139. f8=Q 140. Rxf8 141. Rg6+ 142. Kf5 143.
Rh6 144. Kg4 145. Kd6 146. Kg3 147. Ke5 148. h3 149. Rg6+ 150. Kf2 151. Rh6 152.
Kg2 153. Rg6+ 154. Kh1 155. Rh6 156. h2 157. Ke4 158. Rg8 159. Ra6 160. Kg2 161.
Ra2+ 162. Kh3 163. Ra1 164. Rg1 165. Ra3+ 166. Kh4 0-1

[Event "Druzynowe Mistrzostwa Polski Juniorow - Ekstraliga"]
[Site "Sypniewo k. Jastrowia"]
[Date "2024-06-17"]
[Round "4.25"]
[White "Raczek, Krzysztof"]
[Black "Ugorek, Kacper"]
[Result "1-0"]
[WhiteTitle "FM"]
[BlackTitle "k"]
[WhiteElo "2342"]
[BlackElo "2185"]

1. e4 2. c6 3. c4 4. d5 5. exd5 6. cxd5 7. cxd5 8. Nf6 9. Qa4+ 10. Nbd7 11. Nc3
12. g6 13. Bc4 14. Bg7 15. Nf3 16. O-O 17. d3 18. a6 19. Qa3 20. b6 21. O-O 22.
Bb7 23. Re1 24. b5 25. Bb3 26. Re8 27. Ng5 28. Nb6 29. d6 30. e6 31. Nge4 32.
Nxe4 33. Nxe4 Nd5 34. Bg5 35. f6 36. Bd2 Bf8 37. Ba5 38. Nb6 39. Qc5 40. Bxe4
41. Bxb6 42. Bxd6 43. Qe3 44. Qb8 45. dxe4 46. Bf4 47. Qf3 48. Bxh2+ 49. Kh1 50.
Qxb6 51. Kxh2 52. Kg7 53. Rad1 1-0

[Event "Druzynowe Mistrzostwa Polski Juniorow - Ekstraliga"]
[Site "Sypniewo k. Jastrowia"]
[Date "2024-06-17"]
[Round "4.26"]
[White "Jedraszek, Pawel"]
[Black "Warchol, Kamil"]
[Result "1/2-1/2"]
[WhiteTitle "k"]
[BlackTitle "FM"]
[WhiteElo "2155"]
[BlackElo "2164"]

1. e4 2. g6 3. d4 4. Bg7 5. Nc3 6. c6 7. Nf3 8. d5 9. h3 10. Nf6 11. Bd3 12. dxe4
13. Nxe4 14. Nxe4 15. Bxe4 16. Nd7 17. O-O 18. O-O 19. Bg5 20. h6 21. Be3 22.
Qc7 23. Qc1 24. Kh7 25. Bf4 26. Qb6 27. c3 28. c5 29. dxc5 30. Nxc5 31. Bc2 32.
Rd8 33. Re1 34. Be6 35. Be3 36. Qc7 37. Bd4 38. Rac8 39. Qe3 40. Bd5 41. Bxg7
42. Kxg7 43. Nd4 44. e6 45. b3 46. b6 47. c4 48. Ba8 49. f3 50. a6 51. b4 52.
Nd7 53. Bb3 54. Nf6 55. Qc3 56. Rd7 57. Rad1 58. Rcd8 59. Ne2 60. Rxd1 61. Rxd1
62. Rxd1+ 63. Bxd1 64. e5 65. Bc2 66. Bb7 67. Bd3 68. Kg8 69. a3 70. Qd6 71. Ng3
72. h5 73. Ne4 74. Nxe4 75. fxe4 76. Qd4+ 77. Qxd4 78. exd4 79. Kf2 80. Kg7 81.
e5 82. f6 83. exf6+ 84. Kxf6 85. h4 86. Bc6 1/2-1/2

[Event "Druzynowe Mistrzostwa Polski Juniorow - Ekstraliga"]
[Site "Sypniewo k. Jastrowia"]
[Date "2024-06-17"]
[Round "4.27"]
[White "Radzimski, Antoni"]
[Black "Goralski, Mateusz"]
[Result "1-0"]
[WhiteTitle "k"]
[BlackTitle "II"]
[WhiteElo "2224"]
[BlackElo "1690"]

1. d4 2. Nf6 3. c4 4. g6 5. Nc3 6. Bg7 7. e4 8. d6 9. Be2 10. O-O 11. h4 12. e5
13. d5 14. Nbd7 15. h5 16. Nc5 17. h6 18. Bh8 19. Bg5 20. Qe8 21. Qc2 22. a5 23.
O-O-O 24. Bd7 25. Be3 26. Na4 27. f3 28. Nxc3 29. Qxc3 30. b5 31. c5 32. b4 33.
Qc4 34. Qb8 35. c6 36. Bc8 37. g4 38. Ba6 39. Qc2 40. Rd8 41. Bxa6 42. Rxa6 43.
Qd3 44. Ra8 45. Ne2 46. Qc8 47. Kb1 48. Qa6 49. Qd2 50. Rdb8 51. Rc1 52. Qb5 53.
Rh3 54. a4 55. g5 56. Ne8 57. f4 58. exf4 59. Bd4 60. Be5 61. Rf3 62. f5 63. Nxf4
64. fxe4 65. Rff1 66. a3 67. Ne6 68. Ng7 69. hxg7 70. axb2 71. Bxb2 72. Bxb2 73.
Qxb2 74. Qd3+ 75. Ka1 76. Qxd5 77. Rf8+ 78. Rxf8 79. gxf8=Q+ 80. Rxf8 81. Qg7#
1-0

[Event "Druzynowe Mistrzostwa Polski Juniorow - Ekstraliga"]
[Site "Sypniewo k. Jastrowia"]
[Date "2024-06-17"]
[Round "4.28"]
[White "Gora, Antoni"]
[Black "Lecki, Leonard"]
[Result "0-1"]
[WhiteTitle "II"]
[BlackTitle "k"]
[WhiteElo "1733"]
[BlackElo "2010"]

1. e4 2. c5 3. Nf3 4. g6 5. d4 6. cxd4 7. Nxd4 8. Nc6 9. c4 10. Bg7 11. Be3 12.
Nf6 13. Nc3 14. d6 15. Be2 16. h5 17. h3 18. Nxd4 19. Bxd4 20. Bh6 21. Qd3 22.
e5 23. Be3 24. Bxe3 25. Qxe3 26. Qb6 27. Qf3 28. Ke7 29. O-O 30. Be6 31. Nd5+
32. Bxd5 33. cxd5 34. h4 35. Rfc1 36. Rhc8 37. Bd3 38. Qd4 39. Qe2 40. Rc5 41.
Rxc5 42. Qxc5 43. Qd2 44. Rc8 45. Kh1 46. Qd4 47. Re1 48. Nh5 49. Qg5+ 50. Kf8
51. Re3 52. Rc1+ 53. Kh2 54. Qxb2 55. Rf3 56. Qa1 57. Qd8+ 58. Kg7 59. Rxf7+ 60.
Kxf7 61. Qd7+ 62. Kg8 63. Qe8+ 64. Kh7 65. Qe7+ 66. Kh6 67. Qf8+ 68. Kg5 69. Qe7+
70. Nf6 71. g3 72. Rh1+ 73. Kg2 74. Qg1+ 75. Kf3 76. hxg3 77. fxg3 78. Rxh3 0-1

[Event "Druzynowe Mistrzostwa Polski Juniorow - Ekstraliga"]
[Site "Sypniewo k. Jastrowia"]
[Date "2024-06-17"]
[Round "4.29"]
[White "Wojs, Alicja"]
[Black "Uliasz, Katarzyna"]
[Result "1-0"]
[WhiteTitle "k"]
[BlackTitle "I++"]
[WhiteElo "1907"]
[BlackElo "1762"]

1. e4 2. e5 3. Nf3 4. Nc6 5. d4 6. exd4 7. Nxd4 8. Nf6 9. Nxc6 10. bxc6 11. e5
12. Qe7 13. Qe2 14. Nd5 15. c4 16. Ba6 17. b3 18. g6 19. g3 20. Bg7 21. Bb2 22.
O-O 23. Bg2 24. Rae8 25. O-O 26. Nb6 27. Re1 28. f6 29. Qe3 30. fxe5 31. Ba3 32.
c5 33. Bxc5 34. d6 35. Bb4 36. c5 37. Bc3 38. Bb7 39. Bxb7 40. Qxb7 41. Nd2 42.
d5 43. cxd5 44. Qxd5 45. Rad1 46. Qc6 47. Qe4 48. Qb5 49. a4 50. Qd7 51. a5 52.
Nc8 53. Nc4 54. Qf7 55. Qe3 56. Qb7 57. Bxe5 58. Rf3 59. Qxc5 60. Bf8 61. Qd5+
62. Qxd5 63. Rxd5 64. Rxb3 65. Ne3 66. Ne7 67. Rd7 68. Nc6 69. Bc7 70. Bc5 71.
Rc1 72. Bxe3 73. fxe3 74. Re6 75. Bd6 76. Rxd6 77. Rxd6 78. Nxa5 79. Rd7 80. Rb8
81. Rxa7 82. Nb3 83. Rb1 84. Rb5 85. Ra3 86. Nd4 87. Rxb5 88. Nxb5 89. Rd3 90.
Kf7 91. Rd7+ 92. Ke6 93. Rxh7 94. Kf5 95. Kf2 96. Nd6 97. Rh4 98. g5 99. Rd4 100.
Nf7 101. h4 102. gxh4 103. gxh4 104. Nh6 105. Kf3 106. Nf7 107. Rf4+ 108. Kg6
109. Rxf7 110. Kxf7 111. Kf4 1-0

[Event "Druzynowe Mistrzostwa Polski Juniorow - Ekstraliga"]
[Site "Sypniewo k. Jastrowia"]
[Date "2024-06-17"]
[Round "4.30"]
[White "Skorupa, Antonina"]
[Black "Figa, Karolina"]
[Result "1-0"]
[WhiteTitle "I"]
[BlackTitle "I++"]
[WhiteElo "1619"]
[BlackElo "1760"]

1. Nf3 2. d5 3. e3 4. e6 5. c4 6. Nf6 7. b3 8. Be7 9. Bb2 10. O-O 11. Be2 12. c5
13. d4 14. b6 15. O-O 16. Ne4 17. Nbd2 18. f5 19. Ne5 20. cxd4 21. Bxd4 22. Bc5
23. Nxe4 24. Bxd4 25. Qxd4 26. fxe4 27. Bg4 28. Na6 29. Rac1 30. Nc7 31. Rc2 32.
b5 33. Rfc1 34. bxc4 35. bxc4 36. Qf6 37. cxd5 38. exd5 39. Bxc8 40. Raxc8 41.
Nd7 42. Qf7 43. Nxf8 44. Kxf8 45. Qxa7 1-0

[Event "Druzynowe Mistrzostwa Polski Juniorow - Ekstraliga"]
[Site "Sypniewo k. Jastrowia"]
[Date "2024-06-17"]
[Round "5.1"]
[White "Ugorek, Kacper"]
[Black "Rog, Bartlomiej"]
[Result "1/2-1/2"]
[WhiteTitle "k"]
[BlackTitle "k"]
[WhiteElo "2185"]
[BlackElo "2179"]

1. d4 2. d5 3. c4 4. c6 5. Nc3 6. dxc4 7. e3 8. Be6 9. a4 10. Nf6 11. Nf3 12. g6
13. Nd2 14. Bg7 15. Bxc4 16. Bxc4 17. Nxc4 18. O-O 19. O-O 20. Nbd7 21. Qe2 22.
Qb8 23. Rd1 24. e5 25. d5 26. cxd5 27. Nxd5 28. e4 29. Nxf6+ 30. Nxf6 31. Bd2
32. Rd8 33. Bc3 34. Qc7 35. Rac1 36. Rxd1+ 37. Rxd1 Ng4 38. Qxg4 39. Qxc4 40.
Bxg7 41. Kxg7 42. Qd7 43. Rc8 44. g3 45. Rc7 46. Qd6 47. Qc5 48. Qxc5 49. Rxc5
50. Rd7 51. Ra5 52. b3 53. b6 54. Re7 55. Rc5 56. Rxe4 57. Rc3 58. b4 59. a6 60.
Rd4 61. Ra3 62. Rd6 63. Rxa4 64. Rxb6 65. a5 66. bxa5 67. Rxa5 68. Kg2 69. h5
70. h3 71. Ra2 72. g4 73. hxg4 74. hxg4 75. Ra4 76. Kg3 77. Ra2 78. f4 79. Ra1
80. Rb2 81. Rg1+ 82. Kf3 83. Rf1+ 84. Kg3 85. Rg1+ 86. Kf3 87. Rf1+ 88. Rf2 89.
Ra1 90. Re2 91. Rf1+ 92. Kg2 93. Ra1 94. e4 95. Ra4 96. Kf3 97. Ra1 98. Kf2 99.
Ra4 100. Kf3 101. Ra1 102. f5 103. gxf5 104. gxf5 105. Kf6 106. Rd2 107. Rb1 108.
Ke3 109. Ra1 110. Rd6+ 111. Kg5 112. Rd2 113. Kf6 114. Rd6+ 115. Kg5 116. Rd3
117. Re1+ 118. Kf3 1/2-1/2

[Event "Druzynowe Mistrzostwa Polski Juniorow - Ekstraliga"]
[Site "Sypniewo k. Jastrowia"]
[Date "2024-06-17"]
[Round "5.2"]
[White "Jablonski, Wojciech"]
[Black "Jedraszek, Pawel"]
[Result "1/2-1/2"]
[WhiteTitle "I"]
[BlackTitle "k"]
[WhiteElo "1960"]
[BlackElo "2155"]

1. d4 2. Nf6 3. c4 4. g6 5. Nf3 6. Bg7 7. g3 8. O-O 9. Bg2 10. d6 11. O-O 12. Nc6
13. d5 14. Na5 15. Nfd2 16. c5 17. Nc3 18. e5 19. b3 20. Ne8 21. e4 22. f5 23.
exf5 24. gxf5 25. Bb2 26. Bd7 27. Qc2 28. a6 29. Rae1 30. Nf6 31. Nd1 32. b5 33.
f4 34. e4 35. Ne3 36. bxc4 37. bxc4 38. h5 39. h3 40. Rb8 41. Bc3 42. Nb7 43.
g4 44. fxg4 45. hxg4 46. Bxg4 47. Nxe4 48. Nxe4 49. Bxg7 50. Kxg7 51. Nxg4 52.
hxg4 53. Rxe4 54. Qf6 55. Qe2 56. Na5 57. Qxg4+ 58. Qg6 59. f5 60. Qxg4 61. Rxg4+
62. Kf7 63. f6 64. Rg8 65. Rh4 66. Rh8 67. Re4 68. Rbe8 69. Rxe8 70. Rxe8 71.
Bh3 72. Rg8+ 73. Kh2 74. Rh8 75. Kg3 76. Rg8+ 77. Kh4 78. Rh8+ 79. Kg3 80. Rg8+
81. Kh2 82. Rh8 83. Kg3 1/2-1/2

[Event "Druzynowe Mistrzostwa Polski Juniorow - Ekstraliga"]
[Site "Sypniewo k. Jastrowia"]
[Date "2024-06-17"]
[Round "5.3"]
[White "Goralski, Mateusz"]
[Black "Rozanski, Mateusz"]
[Result "0-1"]
[WhiteTitle "II"]
[BlackTitle "I+"]
[WhiteElo "1690"]
[BlackElo "2024"]

1. e4 2. c6 3. d4 4. d5 5. Nc3 6. dxe4 7. Nxe4 8. Nf6 9. Nxf6+ 10. exf6 11. c3
12. Bd6 13. Bd3 14. O-O 15. Qc2 16. Re8+ 17. Ne2 18. h5 19. O-O 20. h4 21. h3
22. Nd7 23. Be3 24. Nf8 25. c4 26. Be6 27. Rac1 28. Qd7 29. Nf4 30. Bxf4 31. Bxf4
32. Qxd4 33. Bh2 34. Rad8 35. Rcd1 36. Qc5 37. a3 38. Qh5 39. f4 40. f5 41. Kh1
42. b6 43. Be2 44. Qg6 45. Bf3 46. c5 47. b4 48. Rc8 49. b5 50. Nh7 51. Rd6 52.
Nf6 53. Rfd1 54. Ne4 55. R6d3 56. f6 57. Re3 58. Bf7 59. Rde1 60. Re7 61. Bxe4
62. fxe4 63. Qf2 64. Qf5 65. Qxh4 66. Bxc4 67. g4 68. Qh7 69. Qg3 70. f5 71. a4
72. Rd8 73. gxf5 74. Qxf5 75. Qh4 76. Red7 77. Rg1 78. Rd1 79. Rg3 80. Rxg1+ 81.
Bxg1 82. Rd3 83. Be3 84. Bf7 85. Qh6 86. g6 87. h4 88. Rd5 89. Kg2 90. Qh5 91.
Qxh5 92. Rxh5 93. Rh3 94. Bb3 95. Bd2 96. Rd5 97. Bc3 98. Bxa4 99. Rg3 100. Kf7
101. Re3 102. Bxb5 103. Rxe4 104. Rd3 0-1

[Event "Druzynowe Mistrzostwa Polski Juniorow - Ekstraliga"]
[Site "Sypniewo k. Jastrowia"]
[Date "2024-06-17"]
[Round "5.4"]
[White "Lewek, Jakub"]
[Black "Gora, Antoni"]
[Result "0-1"]
[WhiteTitle "I"]
[BlackTitle "II"]
[WhiteElo "1521"]
[BlackElo "1733"]

1. e4 2. c5 3. Nc3 4. e6 5. g3 6. Nc6 7. Bg2 8. Nf6 9. f4 10. d5 11. e5 12. Nd7
13. d3 14. a6 15. Nf3 16. Be7 17. O-O 18. O-O 19. Bh3 20. b5 21. g4 22. Qc7 23.
g5 24. Kh8 25. Nh4 26. c4 27. Kh1 28. b4 29. Ne2 30. d4 31. Ng3 32. Bb7 33. Kg1
34. Nb6 35. Ne4 36. Na5 37. Bg2 38. Nd5 39. Rf3 40. Ne3 41. Bxe3 42. Bxe4 43.
dxe4 44. dxe3 45. Rh3 46. g6 47. Nf3 48. Kg7 49. Qe1 50. Rh8 51. Rh6 52. Bc5 53.
Nh4 54. Rad8 55. Kh1 56. Rd2 57. Rc1 58. Qd7 59. Nf3 60. Qd8 61. Bh3 62. c3 63.
b3 64. e2 65. Bf1 66. Rd1 67. Qxe2 68. Rxc1 69. f5 70. Qd1 71. Qxd1 72. Rxd1 73.
f6+ 74. Kg8 75. Kg2 76. Be3 77. Rh3 78. h6 0-1

[Event "Druzynowe Mistrzostwa Polski Juniorow - Ekstraliga"]
[Site "Sypniewo k. Jastrowia"]
[Date "2024-06-17"]
[Round "5.5"]
[White "Uliasz, Katarzyna"]
[Black "Siekanska, Maria"]
[Result "0-1"]
[WhiteTitle "I++"]
[BlackTitle "WFM"]
[WhiteElo "1762"]
[BlackElo "2204"]

1. Nf3 2. d5 3. g3 4. c5 5. Bg2 6. Nc6 7. O-O 8. e5 9. d3 10. Nf6 11. e4 12. Be7
13. Nbd2 14. O-O 15. c3 16. d4 17. cxd4 18. cxd4 19. Nc4 20. Qc7 21. a4 22. Bg4
23. h3 24. Be6 25. Nfd2 26. g6 27. b3 28. Nh5 29. Ba3 30. Bxa3 31. Nxa3 32. a6
33. Rc1 34. Qd8 35. Kh2 36. Rb8 37. Bf3 38. Ng7 39. Bg2 40. Qd7 41. f4 42. exf4
43. gxf4 44. f5 45. e5 46. Nb4 47. Ndc4 48. Nd5 49. Bxd5 50. Qxd5 51. Qf3 52.
Qc5 53. a5 54. Bd5 55. Nb6 56. Bxf3 57. Rxc5 58. Bc6 59. b4 60. Ne6 61. Rcc1 62.
Rbd8 63. h4 64. h6 65. Nac4 66. Kh7 67. Nd6 68. g5 69. hxg5 70. hxg5 71. fxg5
72. f4 73. Ne4 74. Kg6 75. Rxc6 76. bxc6 77. Rc1 78. Nxg5 79. Rxc6+ 80. Kf5 81.
Nxg5 82. Kxg5 83. e6 84. Rh8+ 85. Kg2 86. Kg4 87. Nd7 88. f3+ 89. Kg1 90. Kg3
91. Rc2 92. f2+ 93. Rxf2 94. Rh1+ 95. Kxh1 96. Kxf2 97. Nf6 98. Rh8+ 99. Nh5 100.
Rxh5# 0-1

[Event "Druzynowe Mistrzostwa Polski Juniorow - Ekstraliga"]
[Site "Sypniewo k. Jastrowia"]
[Date "2024-06-17"]
[Round "5.6"]
[White "Mataczyna, Aleksandra"]
[Black "Skorupa, Antonina"]
[Result "1-0"]
[WhiteTitle "I"]
[BlackTitle "I"]
[WhiteElo "1723"]
[BlackElo "1619"]

1. e4 2. c5 3. Nf3 4. e6 5. d4 6. cxd4 7. Nxd4 8. a6 9. Bd3 10. Qc7 11. O-O 12.
Nf6 13. Qe2 14. d6 15. c4 16. Nc6 17. Nxc6 18. bxc6 19. Nc3 20. Be7 21. f4 22.
O-O 23. e5 24. dxe5 25. fxe5 26. Nd7 27. Bf4 28. Nc5 29. Bxh7+ 30. Kxh7 31. Qh5+
32. Kg8 33. Rf3 34. Qb6 35. Rh3 36. f6 37. Qh7+ 38. Kf7 39. Rg3 40. Rg8 41. Qg6+
42. Kf8 43. exf6 44. Nd7+ 45. Be3 46. Bc5 47. f7 48. Bxe3+ 49. Kh1 50. Bd4 51.
fxg8=Q+ 52. Kxg8 53. Qxe6+ 54. Kf8 55. Re1 56. Be5 57. Rf3+ 58. Nf6 59. Qxe5 60.
Qxb2 61. Qe8# 1-0

[Event "Druzynowe Mistrzostwa Polski Juniorow - Ekstraliga"]
[Site "Sypniewo k. Jastrowia"]
[Date "2024-06-17"]
[Round "5.7"]
[White "Janeczko, Jakub"]
[Black "Raczek, Krzysztof"]
[Result "1/2-1/2"]
[WhiteTitle "m"]
[BlackTitle "FM"]
[WhiteElo "2293"]
[BlackElo "2342"]

1. e4 2. e5 3. Nf3 4. Nc6 5. Bc4 6. Nf6 7. d3 8. h6 9. O-O d6 10. c3 11. g5 12.
Nbd2 13. Bg7 14. a4 15. O-O 16. a5 17. a6 18. Ne1 19. Ne7 20. Nc2 21. Ng6 22.
Ne3 23. c6 24. Re1 25. Nf4 26. d4 27. exd4 28. cxd4 29. Re8 30. g3 31. Nh3+ 32.
Kg2 33. Nxe4 34. Nxe4 35. Rxe4 36. d5 37. Qf6 38. Qf3 39. Qxf3+ 40. Kxf3 41. g4+
42. Kg2 43. Ng5 44. Ra3 45. Nf3 46. Rd1 47. Rd4 48. Be2 49. h5 50. Rb3 51. cxd5
52. Nxd5 53. Rxd5 54. Rxd5 55. Be6 56. Rdd3 57. Ne1+ 58. Kf1 59. Nxd3 60. Rxd3
61. d5 62. Rb3 63. Bc8 64. Bf4 1/2-1/2